| 000 | 00667nam a2200205Ia 4500 | ||
|---|---|---|---|
| 003 | GCL | ||
| 005 | 20240530105421.0 | ||
| 008 | 140319s9999 xx 000 0 ara d | ||
| 040 |
_aGCL / _cGCL |
||
| 082 | 0 | 4 |
_a810.9 _bر ف |
| 100 | 1 | _aرياض نجيب الريس | |
| 245 | 1 | 0 |
_aالفترة الحرجة : نقد فى ادب الستينات / _cرياض نجيب الريس |
| 260 |
_a[S.N] : _bرياض الريس للكتب والنشر ، _c1992 |
||
| 300 | _a249 ص | ||
| 490 |
_aسلسلة كتاب الناقد _v0 |
||
| 650 | 0 | 4 | _aالشعر العربى |
| 650 | 0 | 4 | _aالادب العربى |
| 650 | 0 | 4 | _aالعصر الحديث |
| 942 |
_2ddc _cBK |
||
| 999 |
_c55851 _d55851 |
||